[Event "BL 2018-19"]
[Site "Berlin"]
[Date "2019.03.10"]
[Round "13.3"]
[White "Ponomariov, Ruslan"]
[Black "Gajewski, Grzegorz"]
[Result "1/2-1/2"]
[WhiteElo "2665"]
[BlackElo "2595"]
[Annotator "TA"]
[PlyCount "181"]
[EventDate "2018.11.10"]
[EventType "team-tourn"]
[EventCountry "GER"]
[SourceTitle "playchess.com"]
[Source "ChessBase"]
[SourceQuality "1"]
[WhiteTeam "Hockenheim"]
[BlackTeam "Dresden"]

{[%evp 23,181,0,0,0,8,0,12,5,5,12,12,9,6,15,14,14,19,28,18,29,16,16,57,40,50,45,34,0,14,14,77,0,0,-15,-23,-20,-10,-10,0,0,0,-34,-47,-32,-22,-25,-18,-75,0,0,0,0,0,11,8,8,29,27,42,0,0,0,0,0,0,0,0,-70,-70,-71,-70,-70,-70,-70,-70,-70,-70,-70,-70,-84,-84,-84,-84,-84,-84,-84,-92,-160,-77,-77,-77,-77,0,-77,-70,-70,-73,-84,-84,-84,-84,-84,-84,-84,-84,-84,-84,-84,-84,-84,0,-84,-84,-84,-84,-84,-84,-84,-84,-84,-84,-84,-84,-84,-84,-84,-84,-84,-77,-84,-77,-77,-77,-77,-77,-77,-77,-77,-77,-84,-84,-84,-84,-84,-77,-77,-77,-77,-77,-77,-77,-77,-77,-77,-77,-77,-77,-84,-8,-8]} 1. d4 Nf6 2. c4 e6 3. Nf3 d5 4. g3 Bb4+ 5. Bd2 Be7 6. Bg2 O-O 7. O-O Nbd7 8. Qc2 c6 9. Bf4 b6 10. cxd5 cxd5 11. Rc1 Bb7 12. Bc7 Qe8 13. Qb3 $146 {E08: Closed Catalan: Main Line: 7 Qc2} ({Predecessor:} 13. Nc3 Rc8 14. Nb5 Nc5 15. a4 Na6 16. Qb3 Nxc7 17. Nxa7 Nd7 18. a5 Ra8 19. Rxc7 Rxa7 20. Rac1 Bd8 21. axb6 Bxc7 22. bxa7 {0-1 (40) Hernandez Carmenates,H (2543)-Quesada Perez,Y (2582) Havana 2010}) 13... Ne4 14. Na3 Rc8 15. Nb5 Ndc5 16. dxc5 bxc5 17. Be5 c4 18. Qa4 {next b3 is good for White.} f6 19. Bd4 {Black should prevent Bh3.} a6 20. Nc3 $1 Nxc3 21. Qxe8 Nxe2+ 22. Kf1 Rfxe8 23. Kxe2 e5 24. Bb6 d4 25. Ba5 Bd5 26. Kf1 $1 Bf8 (26... c3 $11 27. bxc3 Ba3) 27. Ne1 (27. Nd2 $16 Bxg2+ 28. Kxg2) 27... Bf7 28. Rc2 e4 29. Rd2 d3 30. Bc3 f5 31. h4 g6 32. Bh3 e3 33. fxe3 Rxe3 34. Bg2 Rxg3 35. Nf3 {[#]} (35. Bb7 $11 Bc5 36. Nf3) 35... Bd5 (35... Bc5 $1 $17 36. Ne5 f4) 36. Ng5 $11 {[%cal Rg2d5]} Bxg2+ 37. Rxg2 Rxg2 38. Kxg2 Re8 39. Kf1 h6 40. Nf3 Re3 41. Ne5 (41. Bd2 $5 {[%cal Rd2e3]} Re4 42. b3 $14) 41... Bc5 42. Kg2 ({Don't blunder} 42. Nxg6 $2 Rg3 $19) 42... Re2+ 43. Kh1 g5 44. hxg5 $1 hxg5 45. Nxc4 (45. Rf1 $1 $11) 45... g4 $1 $15 {[%cal Rg4g3]} 46. Re1 $1 f4 47. Ne5 $1 {[%cal Re5d3] [#]} d2 $1 {[%mdl 512]} 48. Bxd2 $1 Rxd2 49. Nxg4 Rxb2 {[%mdl 4096] Endgame KRB-KRN} 50. Re5 Bb6 51. Rg5+ Kf7 52. Rf5+ Ke7 53. Rxf4 Rxa2 54. Rf6 Bd4 55. Rc6 {[#]} (55. Rf4 $142 Bc5 56. Rf5) 55... a5 ({Black should try} 55... Kd7 $1 {[%cal Rd7c6]} 56. Rc4 Ba7 57. Nf6+ Ke6) 56. Rc4 $17 Bb6 57. Rc6 Bd4 58. Rc4 Rd2 59. Ra4 Bc3 60. Ne5 Bxe5 61. Rxa5 {KRB-KR} Ke6 62. Kg1 Kf5 63. Ra4 Bf4 {aiming for ...Rb2.} 64. Kf1 Kg4 65. Ke1 Rh2 66. Ra3 Rd2 ({Black should play} 66... Bc1 $17 67. Rb3 Kf4) 67. Rb3 (67. Ra4 $11 {was the only way to keep the balance.}) 67... Ra2 68. Kd1 Kf5 69. Rc3 Ke4 70. Rc2 Ra1+ 71. Ke2 Be3 72. Rc4+ Bd4 73. Rc2 Rh1 74. Kd2 Rh3 75. Ke2 Bc3 {White must now prevent ...Bd4.} 76. Kd1 Kd3 {[%cal Rh3h1]} 77. Rd2+ Kc4 78. Rg2 Re3 79. Re2 Rd3+ 80. Kc2 Bd4 {Threatens to win with ...Rb3.} 81. Rd2 Ra3 82. Re2 Ra1 {Hoping for ...Ra3.} 83. Kd2 Bc5 {...Bd4 is the strong threat.} 84. Re4+ Kd5 {( -> ...Ra2+)} 85. Re8 Bb4+ 86. Kd3 Rd1+ 87. Kc2 Rd2+ 88. Kb3 Bd6 {And now ...Rd3+ would win.} 89. Rc8 Rh2 {Strongly threatening ...Rh3+.} 90. Rc2 Rxc2 (90... Rh3+ $17 91. Rc3 Rh8 92. Rd3+ Kc5 93. Rc3+ Kd4 94. Rc4+ Kd5) 91. Kxc2 {Accuracy: White = 66%, Black = 72%.} 1/2-1/2

[Event "BL 2018-19"]
[Site "Berlin"]
[Date "2019.03.24"]
[Round "13.3"]
[White "Krasenkow, Michal"]
[Black "Heinemann, Thies"]
[Result "1-0"]
[WhiteElo "2630"]
[BlackElo "2521"]
[Annotator "TA"]
[PlyCount "81"]
[EventDate "2018.11.10"]
[EventType "team-tourn"]
[EventCountry "GER"]
[SourceTitle "playchess.com"]
[Source "ChessBase"]
[SourceQuality "1"]
[WhiteTeam "SF Deizisau"]
[BlackTeam "Hamburg SK"]

{[%evp 15,81,25,25,25,20,22,15,17,16,18,30,23,41,36,38,35,78,44,87,72,98,93,151,129,255,252,254,248,251,172,414,380,609,591,695,614,742,720,774,792,783,788,783,773,758,752,777,777,824,812,810,750,981,962,1207,1513,1499,1499,1431,1433,1381,1369,1718,1301,1804,1704,2192,2192]} 1. d4 Nf6 2. c4 e6 3. Nf3 b6 4. a3 Ba6 5. Qc2 Bb7 6. Nc3 c5 7. e4 cxd4 8. Nxd4 Bc5 9. Nf3 {E12: Queen's Indian: Unusual White 4th moves, 4 a3, 4 Nc3 Bb7 5 a3 and 4 Nc3 Bb7} Ng4 10. Bg5 (10. Nd1 Qf6 11. Rb1 Qg6 12. Bd3 Nf6 13. Ng5 Ng4 14. b4 Be7 15. h4 Nc6 16. Ne3 Nge5 {0-1 (28) Duda,J (2717)-Korobov,A (2652) Riadh 2017}) 10... f6 11. Bh4 {The position is equal.} Nc6 12. Be2 Rc8 13. O-O $146 ({Predecessor:} 13. Rd1 a5 14. O-O Nge5 15. Nb5 Qe7 16. Qd2 Nxf3+ 17. Bxf3 {1-0 (36) Greenfeld,A (2550)-Viljava,T (2187) Hersonissos 2017}) 13... Nge5 14. Nxe5 Nxe5 15. Rad1 a6 16. Rd2 (16. b4 $5 {[%cal Rb4c5]} Be7 17. Qb3 $11) 16... O-O 17. b4 Be7 18. Rfd1 g5 ({Black should play} 18... Rf7) 19. Bg3 $16 {[#] Threatens to win with Bxe5.} Rc7 (19... d6 $16) 20. Na4 $18 b5 21. Nb6 {Strongly threatening Bxe5.} Bc6 22. c5 Rb7 $2 (22... Qe8 {was worth a try.} 23. Qc3 Qf7) 23. Bxe5 fxe5 $2 (23... Rxb6 24. Bg4 (24. cxb6 fxe5 25. Bg4 Qxb6 $18) 24... Rb7 25. Bxe6+ dxe6) 24. Bg4 {White is clearly winning.} Kg7 {[#] and the idea ...Qe8 leaves Black hopeful.} 25. Nxd7 $1 {[%mdl 512]} Rxd7 26. Rxd7 Bxd7 27. c6 Bc8 28. Rxd8 Rxd8 29. h3 Rd4 30. Be2 Kf6 31. Kh2 Bd6 32. c7 Be7 33. Qc6 Rd7 34. Bh5 Bd6 35. Be8 Re7 36. Qxd6 {Threatening mate with Qd8.} Rxe8 37. Qd8+ Kf7 38. Qxg5 Rg8 39. Qxe5 Ke7 40. Qc5+ Kd7 41. e5 {Accuracy: White = 89%, Black = 26%.} 1-0

[Event "BL 2018-19"]
[Site "Berlin"]
[Date "2019.03.24"]
[Round "13.3"]
[White "Tari, Aryan"]
[Black "Rozentalis, Eduardas"]
[Result "1/2-1/2"]
[WhiteElo "2614"]
[BlackElo "2524"]
[Annotator "TA"]
[PlyCount "69"]
[EventDate "2018.11.10"]
[EventType "team-tourn"]
[EventCountry "GER"]
[SourceTitle "playchess.com"]
[Source "ChessBase"]
[SourceQuality "1"]
[WhiteTeam "Solingen"]
[BlackTeam "Augsburg"]

{[%evp 9,69,8,35,27,29,25,29,24,32,38,57,36,45,36,60,59,58,52,55,57,77,60,60,62,90,85,93,36,34,41,41,34,44,25,38,32,32,22,23,23,20,22,21,8,53,28,56,10,10,10,10,9,9,8,8,8,8,8,1,4,3,-4]} 1. e4 e5 2. Nf3 Nf6 3. d4 Nxe4 4. dxe5 d5 5. Nbd2 Be7 (5... Nxd2 {keeps more tension.} 6. Bxd2 c5 7. c3 Be7 8. Bd3 Nc6) 6. Nxe4 {C43: Petroff Defence: 3 d4} dxe4 7. Qxd8+ Bxd8 8. Nd4 {White has an edge.} Bd7 9. Bc4 $146 ({Predecessor:} 9. Bf4 Nc6 10. O-O-O g5 11. Nxc6 gxf4 12. Nxd8 Rxd8 13. g3 Bc6 14. Rxd8+ Kxd8 15. gxf4 {1-0 (36) Najer,E (2634)-Jussupow,A (2585) Moscow 2008}) 9... Nc6 10. Nxc6 Bxc6 11. Be3 O-O 12. e6 fxe6 13. Bxe6+ Kh8 14. O-O-O Bf6 15. Bd7 Bxd7 16. Rxd7 Rac8 17. Re1 ({Much weaker is} 17. Bxa7 b6 $15) 17... Kg8 18. Bd2 ({White should try} 18. c3 $16) 18... Rcd8 19. Rxd8 Bxd8 $14 {[%mdl 4096] Endgame KRB-KRB} 20. Be3 a6 21. g3 h6 22. h4 Bf6 23. c3 Re8 24. Bf4 Re7 25. h5 Kf7 26. Kd2 c6 27. Ke3 g5 28. hxg6+ Kxg6 {The position is equal.} 29. Rd1 h5 $1 30. Rd8 Kf5 31. a4 Rf7 32. Re8 Re7 33. Rf8 Rd7 34. Ke2 Kg6 35. Be3 {Accuracy: White = 70%, Black = 77%.} 1/2-1/2

[Event "BL 2018-19"]
[Site "Berlin"]
[Date "2019.03.24"]
[Round "13.3"]
[White "Nyback, Tomi"]
[Black "Womacka, Mathias"]
[Result "1-0"]
[WhiteElo "2571"]
[BlackElo "2449"]
[Annotator "TA"]
[PlyCount "99"]
[EventDate "2018.11.10"]
[EventType "team-tourn"]
[EventCountry "GER"]
[SourceTitle "playchess.com"]
[Source "ChessBase"]
[SourceQuality "1"]
[WhiteTeam "Werder Bremen"]
[BlackTeam "SV Hofheim"]

{[%evp 10,99,31,30,41,26,28,30,20,30,10,15,25,25,31,11,19,19,18,15,4,-25,-5,-6,0,-53,0,0,0,22,25,17,24,11,28,40,81,69,78,78,83,62,132,84,87,85,89,82,69,29,37,29,43,30,39,33,58,65,84,55,60,8,13,0,227,227,227,224,235,227,288,295,307,300,381,377,457,435,625,618,581,607,625,614,851,743,29963,29969,5097,809,799,758]} 1. d4 Nf6 2. c4 e6 3. Nf3 Bb4+ 4. Bd2 Qe7 5. g3 Bxd2+ 6. Qxd2 Nc6 {E11: Bogo-Indian} 7. b3 (7. a3 d5 8. Bg2 dxc4 9. Qc3 e5 10. dxe5 Ng4 11. O-O O-O 12. Qxc4 Ncxe5 13. Nxe5 Nxe5 14. Qb4 Qxb4 15. axb4 {1-0 (44) Fridman,D (2591)-Almasi,Z (2702) Batumi 2018}) 7... d5 8. Bg2 O-O {White has an edge.} 9. O-O dxc4 10. bxc4 e5 11. d5 Nb8 12. Nc3 Na6 13. Qe3 $146 ({Predecessor:} 13. h3 Ne8 14. Qe3 {0-1 (64) Kryakvin,D (2583)-Venkatesh,M (2418) Liffre 2017}) 13... Ng4 14. Qc1 f5 15. Nd2 Bd7 16. Nb3 {Threatens to win with d6!} e4 17. Nd1 {[#]} (17. f3 $11 exf3 18. exf3 Qe3+ 19. Qxe3 Nxe3 20. Rfc1) 17... c6 ({Black should play} 17... f4 $1 $15 {[%mdl 512]}) 18. f3 $36 {[%mdl 2048] Black is under pressure.} Nf6 19. fxe4 fxe4 20. Nc3 Qe5 21. Qd2 cxd5 22. Nxd5 Ng4 23. h3 Nh6 24. Qc3 Qxc3 25. Nxc3 Nf5 (25... Nf7 $14) 26. g4 {aiming for Rad1.} ({Don't do} 26. Nxe4 $6 Ne3 $14) 26... Ne3 {[%mdl 64] Double Attack} 27. Rxf8+ Rxf8 28. Bxe4 Bc6 29. Nd5 Re8 30. Nxe3 Rxe4 31. Kf2 Rf4+ 32. Ke1 Nc7 33. Rd1 Re4 34. Rd8+ Kf7 35. Nf5 (35. Kd2 $14) 35... Rxc4 36. Na5 Rc5 $2 (36... Ne6 $11 {and Black has nothing to worry.}) 37. Nxc6 $18 Rxc6 {[%mdl 4096] Endgame KRN-KRN} 38. Rd7+ Kf6 39. Nxg7 {Strongly threatening Rxc7!} ({Not} 39. Rxg7 h5 $16) 39... Ke5 40. Re7+ Kd5 41. Nf5 h6 42. h4 b5 43. h5 a5 {[#]} (43... Ne6 $142 44. Nxh6 Rc7) 44. g5 $1 {[%mdl 512]} hxg5 45. e4+ Kc5 46. h6 Kb6 47. Kd2 {Black must now prevent h7.} Na6 48. h7 Rc8 {[#]} 49. Re6+ (49. Rb7+ $142 $1 {[%mdl 512]} Kc6 (49... Kxb7 50. Nd6+) 50. Ne7+ {[%mdl 64] Double Attack} Kxb7 51. Nxc8 Kxc8 52. h8=Q+ Kb7 53. Qg7+ Kc8 54. Qxg5) 49... Ka7 50. Rh6 {Accuracy: White = 62%, Black = 50%.} 1-0

[Event "BL 2018-19"]
[Site "Berlin"]
[Date "2019.03.10"]
[Round "13.4"]
[White "Boensch, Uwe"]
[Black "Moiseenko, Alexander"]
[Result "1/2-1/2"]
[WhiteElo "2553"]
[BlackElo "2648"]
[Annotator "TA"]
[PlyCount "44"]
[EventDate "2018.11.10"]
[EventType "team-tourn"]
[EventCountry "GER"]
[SourceTitle "playchess.com"]
[Source "ChessBase"]
[SourceQuality "1"]
[WhiteTeam "Dresden"]
[BlackTeam "Hockenheim"]

{[%evp 19,44,43,62,24,30,9,14,0,14,11,9,0,23,10,18,16,10,12,14,7,25,19,18,19,55,58,33]} 1. d4 Nf6 2. c4 e6 3. Nf3 b6 4. g3 Ba6 5. b3 Bb7 6. Bg2 Bb4+ 7. Bd2 c5 8. O-O O-O 9. Bxb4 cxb4 10. a3 Na6 11. axb4 {E15: Queen's Indian: 4 g3 sidelines, 4 g3 Ba6 and 4 g3 Bb7 early deviations} (11. Qd2 Qe7 12. axb4 Nxb4 13. Nc3 Ne4 14. Nxe4 Bxe4 15. Ne5 Bxg2 16. Kxg2 a5 17. e4 d6 18. Nf3 Rac8 {0-1 (28) Mamedyarov,S (2763)-Carlsen,M (2802) Moscow 2010}) 11... Nxb4 12. Qd2 a5 13. Nc3 {The position is equal.} Ne4 14. Nxe4 Bxe4 15. Rfc1 $146 ({Predecessor:} 15. Ne5 Bxg2 16. Kxg2 d5 17. e3 Qe7 18. Rfc1 Rfc8 19. Kg1 Qb7 20. Nd3 Nxd3 {½-½ (20) Pacheco,M (2331)-Aagaard,J (2447) Turin 2006}) 15... f5 16. Ne1 Qf6 17. f3 Bb7 18. Nc2 Nxc2 19. Rxc2 d6 20. Rd1 e5 21. Qc3 f4 22. dxe5 dxe5 {Accuracy: White = 37%, Black = 52%.} 1/2-1/2

[Event "BL 2018-19"]
[Site "Berlin"]
[Date "2019.03.24"]
[Round "13.4"]
[White "Hector, Jonny"]
[Black "Naiditsch, Arkadij"]
[Result "1-0"]
[WhiteElo "2495"]
[BlackElo "2736"]
[Annotator "TA"]
[PlyCount "103"]
[EventDate "2018.11.10"]
[EventType "team-tourn"]
[EventCountry "GER"]
[SourceTitle "playchess.com"]
[Source "ChessBase"]
[SourceQuality "1"]
[WhiteTeam "Kiel"]
[BlackTeam "Baden-Baden"]

{[%evp 15,103,25,43,44,48,39,42,54,53,-9,0,-29,-20,-18,-18,-14,0,0,0,0,12,0,7,8,30,41,37,31,41,0,0,0,82,56,68,28,29,29,22,16,45,16,78,87,108,31,39,-16,-18,-18,28,13,72,72,69,61,74,80,154,152,325,269,722,15,714,693,948,934,1252,1383,12755,1269,990,990,1009,1000,700,663,663,484,577,128,29967,29969,29970,29972,29970,29972,5097,5065]} 1. e4 c5 2. Nf3 Nc6 3. Nc3 g6 4. d4 cxd4 5. Nxd4 Bg7 6. Be3 Nf6 7. Bc4 O-O 8. Bb3 d5 9. exd5 {B35: Sicilian: Accelerated Dragon with 5 Nc3: main line} Na5 $1 10. Qf3 Bg4 11. Qg3 {White is slightly better.} Nxb3 12. Nxb3 $146 (12. axb3 $14 Bh5 13. Qg5) ({Predecessor:} 12. axb3 Bh5 13. f3 Nxd5 14. Nxd5 Qxd5 15. O-O-O Rac8 16. Kb1 Rfd8 {0-1 (41) Kulaots,K (2578)-Shirov,A (2696) Finland 2014}) 12... Bf5 13. Nd4 Ne4 14. Qf3 Nxc3 15. bxc3 Qd7 16. O-O Rfc8 17. Rab1 Bg4 18. Qf4 $36 {[%mdl 2048] White has some pressure.} Rxc3 19. h3 $1 Bf5 20. Nxf5 gxf5 21. Rfd1 Rxc2 22. Bxa7 Rxa2 23. Bd4 f6 (23... Bxd4 $11 24. Qxd4 R2a6) 24. Qe3 Bf8 25. Qb3 R2a3 26. Qxb7 Qxb7 27. Rxb7 R3a6 28. Rd3 Rc8 {[#]} (28... f4 $11) 29. Rf3 $1 $16 Ra4 30. Bb2 (30. Be3 $16) 30... f4 $14 31. Ba3 ({Better is} 31. g3 $14) 31... e5 $11 32. Bb2 Re4 33. g3 fxg3 (33... Rd8 $11 {remains equal.}) 34. Rxg3+ $16 Kh8 35. Ba3 Rd4 {[#]} 36. Rd7 $1 Bxa3 (36... Rd1+ $142 37. Kg2 Rd4) 37. Rxa3 {[%mdl 4096] Endgame KRR-KRR} Rg8+ $2 (37... Rd2 $16 38. Ra6 f5) 38. Kf1 $18 Rg7 $2 (38... e4 39. d6 Rb8) 39. Ra8+ Rg8 40. Raa7 {[%csl Ga7][%cal Rd7h7]} Rh4 41. d6 Rxh3 42. Re7 Rh1+ 43. Ke2 Rd8 44. Rad7 {[%cal Rd7d8]} Ra8 45. Rc7 Rb1 46. Rxh7+ Kg8 47. Rcg7+ Kf8 48. d7 $2 (48. Kf3 $18 {and White stays clearly on top. Re7 is the strong threat.} Rd1 49. Rc7) 48... Rb2+ $2 {[%mdl 8192]} (48... Ra2+ $16 49. Kf3 Rd2) 49. Kf3 Rd2 50. Re7 Kg8 51. Rhg7+ Kh8 52. Rg3 {Accuracy: White = 62%, Black = 42%.} 1-0

[Event "BL 2018-19"]
[Site "Berlin"]
[Date "2019.03.24"]
[Round "13.4"]
[White "Engel, Luis"]
[Black "Heimann, Andreas"]
[Result "1/2-1/2"]
[WhiteElo "2459"]
[BlackElo "2601"]
[Annotator "TA"]
[PlyCount "108"]
[EventDate "2018.11.10"]
[EventType "team-tourn"]
[EventCountry "GER"]
[SourceTitle "playchess.com"]
[Source "ChessBase"]
[SourceQuality "1"]
[WhiteTeam "Hamburg SK"]
[BlackTeam "SF Deizisau"]

{[%evp 27,108,14,20,0,0,0,7,-17,-23,-50,-41,-169,0,0,0,0,0,0,0,0,-2,-6,0,-25,-39,-52,-41,-41,-32,-47,-38,-50,-50,-52,-52,-52,-50,-53,-44,-90,-91,-218,-217,-264,-252,-518,-194,-183,-193,-184,-139,-148,-102,-102,-84,-88,-84,-89,-91,-85,-89,-89,-75,-79,-89,-89,-86,-78,-83,-84,-67,-74,-74,-72,-72,-72,-51,-79,-37,-38,0,0,0]} 1. e4 e5 2. Nf3 Nc6 3. Bc4 Nf6 4. d3 Bc5 5. O-O d6 6. c3 a6 7. Bb3 Ba7 8. Nbd2 O-O 9. h3 Be6 10. Bc2 h6 11. Re1 Re8 12. Nf1 {C54: Giuoco Piano: 4 c3 Nf6, main lines with 5 d4 and 5 d3} d5 13. exd5 Bxd5 14. Ng3 Qd6 {LiveBook: 7 Games} (14... Bc5 15. b4 Bf8 16. a4 b5 17. Bd2 Qd7 18. axb5 axb5 19. Rxa8 Rxa8 20. Nxe5 Nxe5 21. Rxe5 {1-0 (59) Amin,B (2710)-Fedoseev,V (2719) St Petersburg 2018}) 15. Be3 (15. Bd2 {looks sharper.} a5 16. Nf5 Qd8 17. N3h4 Kh8 18. Be3) 15... Bxe3 16. Rxe3 Be6 17. Nh4 $146 ({Predecessor:} 17. Qd2 Rad8 18. Rae1 Nd5 19. Re4 f5 20. Rxe5 Nxe5 21. Rxe5 {0-1 (59) Cretu,S (2210)-Seryakov,O (2257) ICCF email 2014}) 17... Nd5 18. Rf3 Qd8 19. Ngf5 {[#]} (19. Nhf5 $15) 19... Nce7 $2 (19... g6 $1 $19 {aiming for ...Kh8.} 20. Nxh6+ Kg7 21. N4f5+ gxf5 22. Nxf5+ Kf8) 20. d4 $11 Nxf5 21. Nxf5 Bxf5 22. Rxf5 exd4 23. Qf3 Nf6 24. Rd1 Qd6 25. cxd4 c6 26. Qc3 Nd5 27. Qd2 Re7 28. Re1 Rae8 29. Rxe7 Rxe7 30. Bb3 g6 31. Rf3 Kg7 32. g3 Nf6 33. Qc3 {[#]} Ne4 $1 $36 {[%cal Re4c3][%mdl 2048] White is under strong pressure.} 34. Qc4 (34. Qd3 $17) 34... Ng5 $1 $19 {[%csl LRf3,LRh3][%mdl 64] Double Attack} 35. Rd3 Qf6 ({Weaker is} 35... Nxh3+ 36. Kg2 $17) 36. f4 $2 (36. Kf1 Nf3 37. Rd1) 36... Nxh3+ $2 (36... Re1+ 37. Kf2 Qe7) 37. Kg2 {[#]} Ng5 $1 {[%mdl 512]} 38. Qc2 (38. fxg5 Re2+) 38... Ne4 39. d5 cxd5 40. Bxd5 Nd6 41. Bf3 Nf5 42. Qc3 Qxc3 43. Rxc3 $17 {[%mdl 4096] Endgame KRB-KRN} Rd7 44. Kh3 h5 45. a4 b6 46. Be4 Nd4 47. b4 Ne6 48. Bd3 Rd4 49. Bc4 Kf6 50. Bxa6 Rxb4 51. Rc6 Kg7 52. Bb5 Rb2 {Hoping for ...g5.} 53. Rxb6 Nd4 {White must now prevent ...g5!} (53... Rb3 $5 {[%cal Re6f4]}) 54. Rd6 $1 {[%cal Rd6d4]} Nxb5 {Accuracy: White = 56%, Black = 64%.} 1/2-1/2

[Event "BL 2018-19"]
[Site "Berlin"]
[Date "2019.03.24"]
[Round "13.4"]
[White "Nestorovic, Nikola"]
[Black "Andersen, Mads"]
[Result "1/2-1/2"]
[WhiteElo "2455"]
[BlackElo "2594"]
[Annotator "TA"]
[PlyCount "82"]
[EventDate "2018.11.10"]
[EventType "team-tourn"]
[EventCountry "GER"]
[SourceTitle "playchess.com"]
[Source "ChessBase"]
[SourceQuality "1"]
[WhiteTeam "Augsburg"]
[BlackTeam "Solingen"]

{[%evp 9,82,0,10,0,3,2,23,16,19,13,41,18,9,16,3,8,79,77,84,36,58,48,91,63,95,17,89,14,34,30,31,11,10,10,8,11,0,0,0,-16,-16,-14,0,-17,0,0,0,0,0,-11,-23,-15,-19,-60,-39,-36,-16,-21,-15,-18,0,0,0,-3,-11,-14,0,0,0,0,0,0,0,0,0]} 1. d4 Nf6 2. Nf3 d5 3. Nbd2 e6 4. e3 b6 5. b3 Bd6 (5... Bb7 6. Bb2 Nbd7 7. Bd3 Be7 8. O-O O-O 9. c4 c5 10. cxd5 Nxd5 11. Rc1 Rc8 12. Nc4 N5f6 13. Qe2 cxd4 14. Bxd4 Nc5 15. Bb1 Qd5 16. Rfd1 Qh5 17. Bxf6 Bxf6 18. Nd6 Bxf3 19. Qxf3 Qxf3 20. gxf3 {½-½ (80) Mamedyarov,S (2817)-Wang,H (2730) St Petersburg 2018}) 6. Bb2 {D02: 1 d4 d5 2 Nf3 sidelines, including 2...Nf6 3 g3 and 2...Nf6 3 Bf4} O-O 7. Bd3 Ba6 8. c4 {White has an edge.} Nbd7 9. O-O Qe7 $146 ({Predecessor:} 9... c5 10. Ne5 Bb7 11. Nxd7 Nxd7 12. cxd5 {1-0 (24) Infante Machin,B (2153)-Madrazo Ponciano,Y (2153) Havana 2009}) 10. a4 Bb4 11. Qc2 c5 12. Ne5 Nb8 (12... Rfc8 $11) 13. cxd5 $16 exd5 14. Rfd1 Rc8 {[#] Threatens to win with ...cxd4.} 15. Rac1 Bxd3 16. Qxd3 Qe6 17. e4 (17. dxc5 $16 bxc5 18. Ndf3) 17... Nbd7 (17... Rd8 $11 {remains equal.}) 18. exd5 (18. Nxd7 $16 Qxd7 19. dxc5) 18... Qxd5 $11 19. Ndc4 {Qg3 is the strong threat.} cxd4 20. Nxd7 (20. Nf3 {looks sharper.} Nc5 21. Qxd4 Rd8 22. Kf1 h6 23. Qh4) 20... Qxd7 21. Bxd4 Qe6 22. Qf3 Ne4 23. h3 Rd8 24. Qg4 Qxg4 25. hxg4 Bc5 26. Be3 Bxe3 27. Rxd8+ Rxd8 28. Nxe3 {[%mdl 4096] Endgame KRN-KRN} Nc5 29. Rc3 Rd3 30. Rxd3 Nxd3 {KN-KN} 31. a5 bxa5 32. Nc4 Kf8 33. Nxa5 {The position is equal.} Ne5 34. f4 Nd3 35. g3 Ke8 36. Kf1 Kd7 37. Ke2 Nc5 38. Ke3 Kc7 39. Kd4 Kb6 40. b4 Ne6+ 41. Kc3 f6 {Accuracy: White = 58%, Black = 55%.} 1/2-1/2

[Event "BL 2018-19"]
[Site "Berlin"]
[Date "2019.03.24"]
[Round "13.4"]
[White "Lobzhanidze, Davit"]
[Black "Spoelman, Wouter"]
[Result "1/2-1/2"]
[WhiteElo "2428"]
[BlackElo "2573"]
[Annotator "TA"]
[PlyCount "131"]
[EventDate "2018.11.10"]
[EventType "team-tourn"]
[EventCountry "GER"]
[SourceTitle "playchess.com"]
[Source "ChessBase"]
[SourceQuality "1"]
[WhiteTeam "SV Hofheim"]
[BlackTeam "Werder Bremen"]

{[%evp 14,131,41,28,34,47,26,31,47,35,38,18,20,16,30,11,14,12,16,21,22,30,19,17,46,10,14,20,21,14,23,20,37,14,15,0,2,4,21,21,25,25,20,14,15,4,10,-23,-5,-2,-2,-12,3,0,0,-29,-17,-32,0,-41,-32,-38,-41,-42,-33,-71,-15,-52,-31,-77,-74,-67,-66,-88,-100,-107,-107,-104,-114,-121,-121,-156,-133,-148,-72,-160,-159,-152,-121,-137,-77,-101,-8,-8,0,0,0,0,0,0,0,0,0,-98,0,0,0,-70,0,0,0,0,0,0,0,0,0,0,0,0]} 1. e4 c5 2. Nf3 e6 3. d4 cxd4 4. Nxd4 a6 5. Bd3 g6 6. O-O Bg7 7. Be3 Ne7 8. Nc3 d5 {B42: Sicilian: Kan Variation: 5 Bd3} (8... O-O 9. Be2 Nbc6 10. Nxc6 bxc6 11. Qd6 f5 12. Rad1 fxe4 13. Bg5 Nf5 14. Bxd8 Nxd6 15. Be7 Nb5 16. Bxf8 Nxc3 17. bxc3 Kxf8 {½-½ (55) Berg,E (2553)-Grandelius,N (2623) Sunne 2015}) 9. exd5 Nxd5 10. Nxd5 Qxd5 {White is slightly better.} 11. c3 O-O 12. Qc2 Qd6 $146 ({Predecessor:} 12... Nc6 13. Be4 Nxd4 14. Bxd4 Qc4 15. Rfd1 Qc7 16. Qb3 Bxd4 17. Rxd4 {1-0 (39) Krieger,H (2219)-Patzer,J Bad Wiessee 2000}) 13. Rad1 Qc7 14. Nb3 Nd7 15. Be2 Re8 16. Qd2 Nf6 17. Bf3 e5 18. Qd6 Qc4 19. Bg5 Ne4 20. Bxe4 $1 Qxe4 21. Nc5 Qg4 22. Be3 Bf5 23. f3 Qc4 24. Qd5 Qxd5 25. Rxd5 Rad8 26. Rfd1 Rxd5 27. Rxd5 Bc8 28. a4 f5 29. a5 Kf7 30. Na4 Be6 31. Rd2 Bf8 32. Nc5 Bc8 33. Na4 Be7 34. Bc5 Bg5 35. Rd1 e4 36. fxe4 Rxe4 37. Nb6 Be6 38. Kf2 h5 39. Re1 Rg4 (39... Rxe1 $17 40. Kxe1 Bf4) 40. g3 h4 {Hoping for ...f4.} 41. Bd6 f4 $1 42. gxf4 Bxf4 43. Bxf4 Rxf4+ $17 {[%mdl 4096] Endgame KRB-KRN} 44. Ke3 g5 45. Re2 Kf6 46. b4 Kf5 47. Na4 Re4+ 48. Kf2 Rc4 (48... Rxe2+ $142 $1 49. Kxe2 g4) 49. Nc5 (49. Ke1 $142) 49... Bd5 $1 50. Re3 Rg4 51. Re2 {[#]} Rf4+ (51... Bc6 $142 $1 52. Ke3 Rf4) 52. Ke3 {[#]} Kg4 (52... Bc6 $1 $17 53. Kd2 Bb5) 53. Rf2 $1 $11 Bf3 54. Rf1 h3 55. Rf2 $1 Rf8 56. Nd3 {Black must now prevent Ne5+.} Re8+ 57. Kd4 {aiming for Ne5+.} Re4+ 58. Kc5 (58. Kd5 $1 $11 Re8+ 59. Kd4 Rd8+ 60. Kc4) 58... Re3 ({Black should play} 58... Be2 $17 59. Ne1 Bb5) 59. Kd4 Re4+ 60. Kc5 (60. Kd5 $11 Re8+ 61. Kd4 Rd8+ 62. Kc4) 60... Bg2 (60... Be2 $15 61. Ne1 Bb5) 61. Kd6 {The position is equal.} Kh4 62. Ne5 g4 {Strongly threatening ...g3.} 63. Rf8 Kg5 (63... g3 $5 64. Rh8+ $8 Kg5 65. Rg8+ Kf5 66. Rf8+ Kg5 67. Rg8+ Kf5 68. Rf8+ Kg5 69. Rg8+ $11) 64. Rg8+ Kf5 65. Rf8+ Kg5 66. Rg8+ {Accuracy: White = 48%, Black = 53%.} 1/2-1/2